| 000 | 00607nmc a2200253 a 4500 | ||
|---|---|---|---|
| 003 | AR-BaBNM | ||
| 005 | 20251128211333.0 | ||
| 008 | 274020s1994 ||||||||||||||000 | spa|| | ||
| 020 | _a84-7223-417-7 | ||
| 040 | _cAR-BaBNM | ||
| 100 | 1 |
_aSimenon, Gorges _d1903-1989 |
|
| 245 | 1 | 0 | _aLos vecinos de enfrente |
| 250 | _a1ยช ed. | ||
| 260 |
_aBarcelona _bTusquets _c1994 |
||
| 300 | _a166 p. | ||
| 490 | 0 |
_aAndanzas _v208 |
|
| 650 | 4 | _aLITERATURA CONTEMPORANEA | |
| 650 | 4 | _aNOVELAS | |
| 653 | _aNARRATIVA | ||
| 653 | _aLITERATURA BELGA | ||
| 655 | _aLITERATURA | ||
| 942 | _cBK | ||
| 998 | _cLaura | ||
| 999 |
_c19228 _d19228 |
||